Advance cost accounting (Record no. 31470)

MARC details
000 -LEADER
fixed length control field 00328nam a2200133Ia 4500
082 ## - DEWEY DECIMAL CLASSIFICATION NUMBER
Classification number 657.4
Item number JAI
100 ## - MAIN ENTRY--AUTHOR NAME
Personal name Jain, S P
245 #0 - TITLE STATEMENT
Title Advance cost accounting
260 ## - PUBLICATION, DISTRIBUTION, ETC. (IMPRINT)
Place of publication New Delhi
Name of publisher Kalayani Publ
Year of publication 1982
650 ## - SUBJECT ADDED ENTRY--TOPICAL TERM
Topical Term Cost accounting
700 ## - ADDED ENTRY--PERSONAL NAME
Personal name Narang, K L
942 ## - ADDED ENTRY ELEMENTS (KOHA)
Koha item type Books
Holdings
Withdrawn status Lost status Damaged status Not for loan Home library Current library Date acquired Cost, normal purchase price Full call number Accession Number Koha item type
        RRII Library RRII Library 16/12/2021 50.00 657.4 JAI 12015 Books